00513nam a2200193Ia 4500008004100000050001500041050001800056100002200074245003000096245002800126245002200154260001300176260002300189260000900212300001600221300002000237300001100257650005100268160404s9999 xx 000 0 und d aFIL KF 319 b.D48 2003 c.1 aDe Vera, Nimfa D. aLegal office procedures : bin Philippine setting / cNimfa D. De Vera. aManila : bConan Book Stores, c2003 a210 pages : billustrations ; c26 cm. aLegal secretarires -- Handbooks, manuals, etc.